000 00396nam a22001457a 4500
999 _c7715
_d7713
005 20210322113138.0
008 210322b ||||| |||| 00| 0 eng d
082 _a346.066
100 _aAIYAR, A.N.
_96466
245 _aCOMPANY CASES THE CORPORATE LAW WEEKLY [VOL-199]
260 _aCHENNAI
_bCOMPANY LAW INSTITUTE OF INDIA
_c2016
300 _a792,i-xxxvi,p
650 _aLAW
_95701
942 _cJRL